000
00255nam a2200097Ia 4500
001
691405
005
20250826161834.0
008
250824s9999 xx 000 0 und d
245
0
_a
SANATA DAİR- 2
_c
HALİT ZİYA UŞAKLIGİL
260
_b
YAPI KREDİ YAYINLARI
999
_c
691405
_d
691405